000 02081nas a2200409 c 4500
999 _c290921
_d290921
003 BLK
005 20230725141711.0
008 180413b bul |a|er|||| |0| c|bulo|
010 _aPRD00005161000
040 _aBLK
041 _aBUL
_cBUL
080 _aВидове общообразователни училища
_b373
_x(497.215)
_z373(497.215)
110 1 _aРусенска държ. девическа гимназия
_9357591
139 _bО 95
245 1 0 _aГОДИШНИК НА РУСЕНСКАТА ДЪРЖАВНА ДЕВИЧЕСКА ГИМНАЗИЯ КНЯГИНЯ ЕВДОКИЯ ЗА УЧЕБНАТА ....
_cРусенска държ. девическа гимназия
_fНачална год. на издаване: За 1896-1897 (1897), Крайна год. на издаване: 1911
257 _aBGR
260 _bРусенска държ. девическа гимназия
_c1897
_fРусе : Братя Златеви
300 _c22
310 _dдни, в които се получава: 0000000
_eсрок за съхранение: 99
380 _a3
500 _aзабележка:Загл.: От 1896-1907,1909 г. - Отчет на Русенската градска девическа гимназия Княгиня Евдокия.; 1908 г. - Годишник на Русенската градска девическа гимназия Княгиня Евдокия.; От 1910-1911 г. - Годишник на Русенската държавна девическа гимназия Княгиня Евдокия.
590 _aсканирано: 1
852 _aА 3743
852 _aК 373.5/О-95 р
852 _aК 373.5/О-95
852 _aК 373.5/Г 62
852 _aК 373.5/Г 62 р
856 _qpdf
_u
856 _qpdf
_u
942 _cCPU
_n0
_s1
_052
944 _aCR
_cВасилка_Ганчева
_k30535
_lХристина Везирева
944 _aED
_cНефис_Фикрет
_k29.07.2015
999 _d290921
999 _d290921
999 _d290921
999 _d290921